000
00343nam a2200145Ia 4500
008
090122s9999 xx 000 0 und d
082
_b
8451
_a
891.4683
100
_a
सानिया
245
_a
वलय
600
_a
सानिया
630
_a
वलय
700
_a
सानिया
730
_a
वलय
942
_c
BOOK
999
_c
32528
_d
32528